Bí quyết học nhanh nhớ lâu =How to improve your memory for study

Wedi'i Gadw mewn:
Manylion Llyfryddiaeth
Fformat: Llyfr
Iaith:Vietnamese
Cyhoeddwyd: Tổng hợp 2014
Pynciau:
Tagiau: Ychwanegu Tag
Dim Tagiau, Byddwch y cyntaf i dagio'r cofnod hwn!
Thư viện lưu trữ: Mạng thư viện Đại học Đà Nẵng
LEADER 01042nam a2200301 a 4500
001 000002290
003 03733
005 20171229145311.0
008 171229s2014 vie
040 |a LSK 
041 0 |a VIE 
082 0 |a 153.1  |b HA-J 
245 0 0 |a Bí quyết học nhanh nhớ lâu =How to improve your memory for study  |c Jonathan Hancok; Nguyễn Đức Nhật và Nguyễn Lê Hoài Nguyên biên dịch 
260 |b Tổng hợp  |c 2014 
300 |a 133 pages  |c 20,5 cm. 
653 |a Phương pháp ghi nhớ 
852 |a Phòng Đọc 
901 |a 1 
927 |a Sách tham khảo 
OWN |a LSK 
AVA |a UDN50  |b LSK  |d 153.1 HA-J  |e available  |t Error 5001 Not defined in file expand_doc_bib_avail.  |f 1  |g 0  |h N  |i 1  |k 1 
999 |a From the UDN01 
AVA |a UDN50  |b LSK  |d 153.1 HA-J  |e available  |t Error 5001 Not defined in file expand_doc_bib_avail.  |f 1  |g 0  |h N  |i 1  |k 1 
TYP |a Monograph 
TYP |a Printed language 
980 |a Mạng thư viện Đại học Đà Nẵng